000 00326 a2200133 4500
001 154093
040 _cEscola São Tomás de Aquino
100 _aCOELHO, Marco Antonio Tavares
240 1 0 _aHerança de um sonho
_lpor
245 1 0 _aHerança de um sonho
440 1 _aRecord
697 _aLITERATURA BRASILEIRA
942 _cBK
999 _c154093
_d154093